| 000 | 01387nam a22002777a 4500 | ||
|---|---|---|---|
| 999 |
_c121678 _d121678 |
||
| 005 | 20190205152547.0 | ||
| 010 | _aB-140427, B-201751 | ||
| 020 |
_c150.00 _a8181660811 |
||
| 035 | _aB-140427, B-140429, B-201751 | ||
| 035 | _aB-140464 | ||
| 037 | _bCen Lib/Ret | ||
| 082 |
_aक _bरुडया |
||
| 100 | _aरुडयार्ड किपलिंग | ||
| 245 |
_aदि जंगल बुक : _cरुडयार्ड किपलिंग ; हिंदी अनुवादक संजीवदत्त _bसिवली के जंगल में मोगली के कारनामे / |
||
| 246 |
_aThe jungle book : sivali ke jungale me mogli karname / _bbu Rudyard kipling |
||
| 260 |
_a दिल्ली _bमेधा बुक्स _c2004 |
||
| 270 |
_b दिल्ली _aएक्स-11, नवीन शाहदरा _e110032 |
||
| 300 |
_a191पृ.: _c20सेमी(सजिल्द ) _bसचित्र |
||
| 650 |
_aसाहित्य -- कहानियां _x _z |
||
| 650 | _aअग्रेज़ी-- कहानियां | ||
| 650 | _aLiterature -- stories | ||
| 650 | _aEnglish-- stories | ||
| 700 |
_aसंजीवदत्त _9100268 |
||
| 942 |
_2ddc _cHN _hक _mरुडया |
||